000
00245nam a2200109Ia 4500
008
190216s9999||||xx |||||||||||||| ||und||
100
_a
Thayat Sankaran
245
0
_a
Anther Darshanam
260
_b
Null
650
_a
Essay Malayalam
942
_c
BK
999
_c
25384
_d
25384